| 000 | 00000nam##2200000za#4500 |
| 001 | 9.615418 |
| 003 | CaOODSP |
| 005 | 20200514165625 |
| 007 | ta |
| 008 | 150406|2000||||xxc||||| f|0| 0 eng|d |
| 020 | |a0-662-29696-6 |
| 040 | |aCaOODSP|beng |
| 043 | |an-cn--- |
| 086 | 1 |aNH15-375/2000E |
| 110 | 2 |aCanada Mortgage and Housing Corporation. |
| 245 | 14|aThe information revolution and residential development : |bsummary report / |cby Pamela Blais. |
| 260 | |aOttawa - Ontario : |bCanada Mortgage and Housing Corporation |c2000. |
| 300 | |a27p. : |bfigs., references ; |c28 cm. |
| 490 | 1 |aResearch report |
| 500 | |a"Cities, neighbourhoods and urban systems are being reshaped by the information revolution. This research focuses on the implications for residential development. It identifies: key drivers of change related to the information revolution that have implications for residential development; the state-of-the-art with respect to the use of information and communications technologies (ITT) in neighbourhood and community planning; and key potential implications for residential development."--Executive summary. |
| 520 | 3 |aCities, neighbourhoods and urban systems are being reshaped by the information revolution. This research focuses on the implications for residential development. It identifies: key drivers of change related to the information revolution that have implications for residential development; the state-of-the-art with respect to the use of information and communications technologies (ITT) in neighbourhood and community planning; and key potential implications for residential development.--Executive summary |
| 546 | |aRésumé en français |
| 563 | |aSoftcover |
| 590 | |a01-02|b2001-01-12 |
| 690 | 07|aInformation technology|2gcpds |
| 690 | 07|aTelework|2gcpds |
| 690 | 07|aUrban communities|2gcpds |
| 690 | 07|aHousing|2gcpds |
| 720 | 1 |aBlais, Pamela |
| 776 | 0#|tThe information revolution and residential development |w(CaOODSP)9.569910 |
| 830 | #0|aResearch report (Canada Mortgage and Housing Corporation : Online)|w(CaOODSP)9.514820 |